Quando um crocodilo engole o sol (Record no. 67255)

MARC details
000 -LÍDER
campo de controle de tamanho fixo 00365 a2200157 4500
001 - NÚMERO DE CONTROLE
campo de controle 67255
020 ## - ISBN - INTERNATIONAL STANDARD BOOK NUMBER
ISBN - International Standard Book Number 9788520920428
040 ## - FONTE DA CATALOGAÇÃO
Instituição que transcreveu o registro Anchieta - Pituba
100 ## - ENTRADA PRINCIPAL--NOME PESSOAL
Nome pessoal Godwin, Peter
240 10 - TÍTULO UNIFORME
Título uniforme Quando um crocodilo engole o sol
Idioma da obra por
245 10 - TÍTULO
Título Quando um crocodilo engole o sol
300 ## - DESCRIÇÃO FÍSICA
Extensão 340
362 0# - DATAS DE PUBLICAÇÃO E/OU DESIGNAÇÃO SEQUENCIAL
Datas de publicação e/ou designação sequencial 2008
650 #4 - ASSUNTO--TERMO TÓPICO
Cabeçalho tópico ou nome geográfico Literatura inglesa
942 ## - ELEMENTOS DE ENTRADA ADICIONADOS (KOHA)
Tipo de material Koha Livros
Holdings
Situação do descarte Situação das perdas Situação física Não pode ser emprestado Biblioteca de origem Biblioteca atual Data de aquisição Total de empréstimos Número de chamada completo Código de barras Data de último acesso Data do preço efetivo Tipo de material Koha
        Colégio Anchieta - Pituba Colégio Anchieta - Pituba 21/11/2023   820 G591q GOD QUA 22120/PIT 21/11/2023 21/11/2023 Livros